Loading...
| Literature - World | 0 | 4 | 1 | 1 | 35 | 79 | 109.00 | 3 | 4 | 0.00 | 0.00 |
| Literature - European | 0 | 3 | 0 | 0 | 30 | 92 | 102.33 | 3 | 3 | 0.00 | 0.00 |
| Fine Arts - Painting & Sculpture | 0 | 2 | 0 | 0 | 20 | 95 | 104.00 | 1 | 2 | 0.00 | 0.00 |
| Social Science | 0 | 1 | 0 | 1 | 10 | 126 | 126.00 | 0 | 0 | 0.00 | 0.00 |
| History - European | 0 | 1 | 0 | 0 | 10 | 44 | 44.00 | 1 | 1 | 0.00 | 0.00 |
| Literature - British | 0 | 1 | 0 | 0 | 10 | 90 | 90.00 | 0 | 1 | 0.00 | 0.00 |
| Fine Arts - Other | 0 | 1 | 0 | 0 | 10 | 88 | 88.00 | 0 | 1 | 0.00 | 0.00 |
| Literature - American | 0 | 1 | 1 | 0 | 5 | 53 | 53.00 | 1 | 1 | 0.00 | 0.00 |
| Other | 0 | 1 | 2 | 0 | 0 | 93 | 93.00 | 0 | 1 | 0.00 | 0.00 |
| Religion | 0 | 0 | 0 | 0 | 0 | 0.00 | 0 | 0 | 0.00 | 0.00 | |
| History - World | 0 | 0 | 1 | 0 | -5 | 0.00 | 0 | 0 | 0.00 | 0.00 | |
| History - Other | 0 | 0 | 1 | 0 | -5 | 0.00 | 0 | 0 | 0.00 | 0.00 | |
| Science - Other | 0 | 0 | 1 | 0 | -5 | 0.00 | 0 | 0 | 0.00 | 0.00 |